00363 2200157 4500245003700000020002200037250001100059100001300070650001600083005001900099260004100118041001400159084000800173300001500181336000900196 aTertinggal WaktucKhairanihText a978-602-02-6551-3 aCet. 1 aKhairani aNovel Fiksi a20230117092755 aJakartabElex Media Komputindoc2015 aIndonesia a813 a163 hlm. : atext